1829 1967 1607 1432 1219 1902 1637 1418 1405 1610 1219 1101 1321 1409 1438 1243 1389 1529 1997 1799 1292 1816 1362 1263 1023 1389 1789 1461 1761 1950 1415 1467 1402 1800 1958 1613 1299 1178 1663 1427 1313 1929 1306 1211 1259 1267 1353 1477 1731 1153 1875 1938 1195 1834 1556 1544 1077 1972 1862 1452 1344 1795 1453 1452 1549 1872 1372 1598 1925 1425 1693 1351 1441 1154 1506 1423 1325 1548 1490 1963 1606 1463 1643 1545 1492 1048 1939 1955 1723 1683 1716 1080 1324 1820 1629 1854 1616 1212 1376 BCNSPRNW ULIB Ver.6.0+V

เปลี่ยนเป็นภาษาไทย

Change to English
 แสดงรายละเอียดบรรณานุกรม
  กลับหน้าหลัก

Brief Record : Get Marc (ISO 2709) : E-mail record : QR code < ปิดหน้าต่าง
LEADER : 00000nam 2200000uu 4500
001    13399124353
003     ULIB
008    150519s2557||||th 000 0 tha d
060  4 ^aWY18.2^bส927
110    ^aกระทรวงสาธารณสุข.^bสำนักงานปลัดกระทรวงสาธารณสุข.^bสถาบันพระบรมราชชนก.^bเครือข่ายวิทยาลัยพยาบาลภาคเหนือ.
245    ^aสาระทบทวนวิชาการพยาบาลบุคคลที่มีปัญหาทางจิต/^cคณาจารย์วิทยาลัยพยาบาลเครือข่ายภาคเหนือ สถาบันพระบรมราชชนก
250    ^aพิมพ์ครั้งที่ 1
260    ^aมปก :^bเครือข่ายวิทยาลัยพยาบาลภาคเหนือ สถาบันพระบรมราชชนก.,^c2557
300    ^a252 หน้า;^b30 ซม.
650    ^aกฎหมายและจรรยาบรรณวิชาชีพการพยาบาล^xสาระทบทวน
650    ^aกฎหมายและจรรยาบรรณวิชาชีพการพยาบาล^xเตรียมสอบ
700 0  ^aสุทธามาศ อนุธาตุ,^eบรรณาธิการ
700 0  ^aเกศกาญจน์ ทันประภัสสร,^eบรรณาธิการ
700 0  ^aสมาภรณ์ เทียนขาว,^eบรรณาธิการ
700 0  ^aภุมรินทร์ อินชัวนี,^eบรรณาธิการ
945    ^p0^l0^i039422
945    ^p0^l0^i039423
945    ^p0^l0^i039424
945    ^p0^l0^i039425
945    ^p0^l0^i039426
945    ^p0^l0^i039427
945    ^p0^l0^i039428
945    ^p0^l0^i039429
945    ^p0^l0^i039430
945    ^p0^l0^i039431
945    ^p0^l0^i039432
945    ^p0^l0^i039433
945    ^p0^l0^i039434
999    ^aเกษร โพธิ์สุวรรณ
รายการนี้ยังไม่มีแท็ก
คุณยังไม่ได้ล็อกอิน คุณสามารถมีกิจกรรมร่วมกับเว็บไซต์ได้ แต่ต้องล็อกอินก่อน ::
  ล็อกอิน

รายการสื่อสารสนเทศ

ลำดับที่ ประเภท เลขเรียก/บาร์โค้ด สถานที่ สถานะ
1. Book การพยาบาล
หนังสือสำรอง
สถานะ=หนังสือสำรอง
WY18.2 ส927 ฉ.1 
  Barcode: 039422
ห้องสมุดวิทยาเขตสวรรค์ประชารักษ์
►หนังสือทั่วไป
บนชั้น
2. Book การพยาบาล
Book การพยาบาล
WY18.2 ส927 ฉ.10 
  Barcode: 039431
ห้องสมุดวิทยาเขตสวรรค์ประชารักษ์
►หนังสือทั่วไป
บนชั้น
3. Book การพยาบาล
Book การพยาบาล
WY18.2 ส927 ฉ.11 
  Barcode: 039432
ห้องสมุดวิทยาเขตสวรรค์ประชารักษ์
►หนังสือทั่วไป
บนชั้น
4. Book การพยาบาล
Book การพยาบาล
WY18.2 ส927 ฉ.12 
  Barcode: 039433
ห้องสมุดวิทยาเขตสวรรค์ประชารักษ์
►หนังสือทั่วไป
ถูกยืม กำหนดส่งวันที่ 7 มีนาคม 2565
  จอง
5. Book การพยาบาล
Book การพยาบาล
WY18.2 ส927 ฉ.13 
  Barcode: 039434
ห้องสมุดวิทยาเขตสวรรค์ประชารักษ์
►หนังสือทั่วไป
บนชั้น
6. Book การพยาบาล
Book การพยาบาล
WY18.2 ส927 ฉ.2 
  Barcode: 039423
ห้องสมุดวิทยาเขตสวรรค์ประชารักษ์
►หนังสือทั่วไป
บนชั้น
7. Book การพยาบาล
Book การพยาบาล
WY18.2 ส927 ฉ.3 
  Barcode: 039424
ห้องสมุดวิทยาเขตสวรรค์ประชารักษ์
►หนังสือทั่วไป
บนชั้น
8. Book การพยาบาล
Book การพยาบาล
WY18.2 ส927 ฉ.4 
  Barcode: 039425
ห้องสมุดวิทยาเขตสวรรค์ประชารักษ์
►หนังสือทั่วไป
บนชั้น
9. Book การพยาบาล
Book การพยาบาล
WY18.2 ส927 ฉ.5 
  Barcode: 039426
ห้องสมุดวิทยาเขตสวรรค์ประชารักษ์
►หนังสือทั่วไป
บนชั้น
10. Book การพยาบาล
Book การพยาบาล
WY18.2 ส927 ฉ.6 
  Barcode: 039427
ห้องสมุดวิทยาเขตสวรรค์ประชารักษ์
►หนังสือทั่วไป
บนชั้น
11. Book การพยาบาล
Book การพยาบาล
WY18.2 ส927 ฉ.7 
  Barcode: 039428
ห้องสมุดวิทยาเขตสวรรค์ประชารักษ์
►หนังสือทั่วไป
บนชั้น
12. Book การพยาบาล
Book การพยาบาล
WY18.2 ส927 ฉ.8 
  Barcode: 039429
ห้องสมุดวิทยาเขตสวรรค์ประชารักษ์
►หนังสือทั่วไป
บนชั้น
13. Book การพยาบาล
Book การพยาบาล
WY18.2 ส927 ฉ.9 
  Barcode: 039430
ห้องสมุดวิทยาเขตสวรรค์ประชารักษ์
►หนังสือทั่วไป
บนชั้น

BibComment


ยังไม่เคยถูกคอมเมนท์

คอมเมนท์ทรัพยากรรายการนี้
  คอมเมนท์: สาระทบทวนวิชาการ..


 Copyright 2026. Bcnsprnw @Library